Atlas liečivých rastlín a lesných plodov /

Saved in:
Bibliographic Details
Main Author: Kvesánek, Jaroslav (Author)
Format: Book
Published: Martin : Osveta, 1988
Tags: Add Tag
No Tags, Be the first to tag this record!

MARC

LEADER 00000nam a22000003a 4500
001 stu15767
005 20150617225758.3
008 ------s1988----cs----------------------d
040 |a STU  |b slo 
041 0
044 |a cs 
080 |a 633.88 
080 |a 615.32 
100 1 |a Kvesánek, Jaroslav  |4 aut 
245 1 |a Atlas liečivých rastlín a lesných plodov /  |c [aut.]Kvesánek,Jaroslav 
260 |a Martin :  |b Osveta,  |c 1988 
300 |a 398 s :  |b Obr.,tab.,lit.,index 
996 |b C81067  |c C*81067  |l CCX  |s P  |a 0  |w stu15767_0001 
996 |b C81068  |c C*81068  |l CCX  |s P  |a 0  |w stu15767_0002